000 00484nab a2200145Ia 4500
003 ES-SlBCS
005 20210601125237.0
008 140529s1976 xxu||||| |||| 00| 0 eng d
041 _aeng
100 1 _aKuvakin, Valerii
_9155884
245 0 4 _aThe Phenomenon of Partiinost: Structure, Dynamics, and Dialectis: An Exposition
_c Valerii Kuvakin
650 0 4 _aDialéctica
_991958
773 0 _tPhilosophy and Phenomenological Research
_gvol. 37, 1976, págs. 25-44
_wRev1411
942 _cAR
999 _c527121
_d527121